| 000 | 00893nam a22002537a 4500 | ||
|---|---|---|---|
| 003 | OSt | ||
| 005 | 20131021131010.0 | ||
| 008 | 130417s2009 sp ||||| |||| 00| 0 spa d | ||
| 020 | _a9788487641381 | ||
| 040 | _cCDMR | ||
| 100 | 1 |
_93201 _aÁlvarez Junco, José |
|
| 245 | 1 | 3 |
_aEl nacimiento del periodismo político _b: la libertad de imprenta en las Cortes de Cádiz (1810-1814) _cJosé Álvarez Junco, Gregorio de la Fuente Monge |
| 260 |
_a[s.n] _bAPM |
||
| 260 | _bFragua | ||
| 260 | _bAsociación de la Prensa de Cádiz | ||
| 260 |
_bConsorcio para la Conmemoración del Bicentenario de la Constitución de 1812 _c2009 |
||
| 300 | _a422 p. | ||
| 490 | 0 |
_aMemoria (APM) _v9 |
|
| 650 | 0 | 4 |
_93163 _aPremsa política _zEspanya |
| 650 | 0 | 4 |
_92512 _aPeriodisme _xHistòria |
| 650 | 0 | 4 |
_94150 _aLlibertat d'impremta _zEspanya |
| 700 | 1 |
_93202 _aFuente Monge, Gregorio de la |
|
| 942 |
_2udc _cMON |
||
| 999 |
_c6102 _d6102 |
||